000 00371nam a22001577a 4500
003 SGT
020 _a978-93-89335-804
082 _a615
_bDER
100 _aDERENDORF, HARTMUT
245 _aCLINICAL PHARMACOKINETICS AND PHARMACODYNAMICS
250 _a5TH
260 _aINDIA
_bWOLTER KULWER
_c2019
300 _a939
650 _aPHARMACODYNAMICS
942 _2ddc
_cBK
999 _c33107
_d33107